000 00465nam a2200169Ia 4500
003 GCL
008 140319s9999 xx 000 0 ara d
040 _aGCL /
_cGCL
082 0 4 _aكاسيت
_b186
_bس ى
100 1 _aسيد عسر المعلاوى
245 1 0 _aيافرحة الصائم /
_cسيد عسر المعلاوى
260 _a[S.N] :
_bلا يوجد
490 _a
650 0 4 _aالاغانى
650 0 4 _aشرائط كاسيت
942 _2ddc
_cBK
999 _c33995
_d33995